[Event "Bayerische EM (allgemein)"]
[Site "Bad Königshofen"]
[Date "2010.08.28"]
[Round "8.6"]
[White "Kuhn, Tobias"]
[Black "Jussupow, Ekaterina"]
[Result "0-1"]
[WhiteElo "2213"]
[BlackElo "2174"]
[PlyCount "71"]
[EventDate "2010.??.??"]
[WhiteTeam "SK 1982 Klingenberg/Main"]
[BlackTeam "SK Krumbach"]

1. e4 e5 2. Nf3 Nc6 3. Bb5 f5 4. d3 fxe4 5. dxe4 Nf6 6. Bg5 Bb4+ 7. c3 Bc5 8.
Nbd2 d6 9. Qe2 Be6 10. Bc4 Qe7 11. h3 a6 12. Nf1 h6 13. Bxf6 Qxf6 14. Ng3 O-O
15. O-O-O b5 16. Bd5 Bxd5 17. exd5 Ne7 18. Ne4 Qf4+ 19. Kb1 Bb6 20. Rd3 Ng6 21.
g3 Qf7 22. Nh2 Rad8 23. Ng4 Qf5 24. h4 Ne7 25. Nh2 Qh7 26. Ka1 c6 27. Qg4 cxd5
28. Qe6+ Kh8 29. Qxe7 Qxe4 30. Rdd1 Rxf2 31. Rb1 Qe2 32. Nf1 Rdf8 33. h5 Rxf1
34. Rhxf1 Qxf1 35. Qxd6 Qf6 36. Qxd5 0-1

[Event "Bayerische EM (allgemein)"]
[Site "Bad Königshofen"]
[Date "2010.08.28"]
[Round "8.7"]
[White "Jussupow, Alexander"]
[Black "Schatz, Christian"]
[Result "0-1"]
[WhiteElo "2112"]
[BlackElo "2189"]
[PlyCount "56"]
[EventDate "2010.??.??"]
[WhiteTeam "SK Krumbach"]
[BlackTeam "Schachzentrum Fürth 2002"]

1. d4 Nf6 2. Bg5 Ne4 3. Bf4 d5 4. f3 Nf6 5. Nc3 Bf5 6. Qd2 e6 7. g4 Bg6 8. h4
h6 9. Bg2 c6 10. Nh3 Nbd7 11. Bg3 Qa5 12. Nf4 Bd6 13. O-O-O Bh7 14. g5 Ng8 15.
g6 fxg6 16. Qe3 Bxf4 17. Bxf4 Kf7 18. Bh3 Re8 19. Qf2 Ngf6 20. e4 b5 21. exd5
exd5 22. Rhe1 b4 23. Nb1 g5 24. Bd6 Nb6 25. b3 gxh4 26. Qxh4 Qxa2 27. Rd2 Nc4
28. Rg2 Qb2+ 0-1

[Event "Bayerische EM (allgemein)"]
[Site "Bad Königshofen"]
[Date "2010.08.28"]
[Round "8.8"]
[White "Heimrath, Reiner"]
[Black "Nuber, Korbinian"]
[Result "1/2-1/2"]
[WhiteElo "2231"]
[BlackElo "2211"]
[PlyCount "125"]
[EventDate "2010.??.??"]
[WhiteTeam "SC Noris-Tarrasch Nürnberg 1873"]
[BlackTeam "SC Dillingen"]

1. e4 Nf6 2. Nc3 d5 3. e5 d4 4. exf6 dxc3 5. fxg7 cxd2+ 6. Qxd2 Qxd2+ 7. Bxd2
Bxg7 8. O-O-O Bf5 9. Ne2 Nd7 10. Bc3 e5 11. Ng3 Be6 12. Bd3 O-O-O 13. Bf5 Rde8
14. Rhe1 Rhg8 15. Kb1 Bf8 16. Bxe6 Rxe6 17. Re2 Bd6 18. f3 Reg6 19. Rdd2 e4 20.
Nxe4 Bxh2 21. Rxd7 Kxd7 22. Nf6+ Rxf6 23. Bxf6 Bd6 24. c3 Rg6 25. Bd4 Rh6 26.
Kc2 Rh1 27. Be5 Bxe5 28. Rxe5 Rh2 29. Re2 h5 30. Kd3 h4 31. Ke3 Kd6 32. a4 a5
33. b3 c6 34. Rd2+ Ke6 35. Rd4 b5 36. axb5 cxb5 37. Rd2 f5 38. Ra2 h3 39. Rxa5
f4+ 40. Kf2 Rxg2+ 41. Kf1 Rg3 42. Ke2 Rg1 43. Ra6+ Kf5 44. Rh6 Rh1 45. Kf2 Kg5
46. Rh8 Rb1 47. b4 Rc1 48. Rxh3 Rc2+ 49. Ke1 Rxc3 50. Kd2 Rb3 51. Rh8 Rxb4 52.
Rg8+ Kf5 53. Kc3 Rc4+ 54. Kd3 Ra4 55. Rf8+ Ke5 56. Re8+ Kd5 57. Rd8+ Kc5 58.
Rc8+ Kb4 59. Rb8 Ra7 60. Rf8 Rd7+ 61. Ke4 Kc3 62. Rc8+ Kb3 63. Kxf4 1/2-1/2

[Event "Bayerische EM (allgemein)"]
[Site "Bad Königshofen"]
[Date "2010.08.28"]
[Round "8.9"]
[White "Shashkin, Igor"]
[Black "Höfelsauer, Thomas"]
[Result "1/2-1/2"]
[WhiteElo "2086"]
[BlackElo "2186"]
[PlyCount "65"]
[EventDate "2010.??.??"]
[WhiteTeam "PTSV SK Hof 1892"]
[BlackTeam "Schachklub München Südost e.V."]

1. c4 c6 2. d4 d5 3. Nc3 e6 4. Nf3 dxc4 5. e4 b5 6. a4 Bb4 7. Bd2 a5 8. axb5
Bxc3 9. Bxc3 cxb5 10. b3 Bb7 11. d5 Nf6 12. Bxf6 Qxf6 13. bxc4 Qc3+ 14. Nd2 b4
15. Rc1 Qb2 16. c5 exd5 17. Bb5+ Bc6 18. Bxc6+ Nxc6 19. exd5 Qe5+ 20. Qe2 Qxe2+
21. Kxe2 Ne7 22. d6 Nc6 23. Kd3 Kd7 24. Nc4 Rab8 25. Ra1 Rb5 26. Nb6+ Rxb6 27.
cxb6 Rb8 28. Kc4 Rxb6 29. Kc5 Rb8 30. Rhc1 Rb7 31. Kd5 Rb6 32. Kc5 Rb8 33. Kd5
1/2-1/2

[Event "Bayerische EM (allgemein)"]
[Site "Bad Königshofen"]
[Date "2010.08.28"]
[Round "8.10"]
[White "Kunz, Konstantin"]
[Black "Miskevicer, Boris"]
[Result "1-0"]
[WhiteElo "2273"]
[BlackElo "2216"]
[PlyCount "67"]
[EventDate "2010.??.??"]
[WhiteTeam "SC Kitzingen von 1905"]
[BlackTeam "SG Schwabing München Nord e.V."]

1. d4 Nf6 2. c4 c5 3. d5 g6 4. Nc3 d6 5. e4 Bg7 6. h3 e5 7. g4 h5 8. g5 Nh7 9.
Nf3 Na6 10. Be3 Nc7 11. a3 a6 12. Na4 b5 13. Nb6 Rb8 14. Nxc8 Qxc8 15. b3 Qb7
16. Nd2 Nf8 17. h4 Nd7 18. Bh3 Nb6 19. O-O O-O 20. Qe2 bxc4 21. bxc4 Na4 22.
Qd3 Qb2 23. Rfc1 Qb7 24. Rab1 Qa7 25. Nb3 f6 26. Na5 Rxb1 27. Rxb1 Rb8 28. Nc6
Rxb1+ 29. Qxb1 Qb6 30. Qc2 Qb2 31. Qxa4 Qb1+ 32. Kh2 Qxe4 33. Ne7+ Kh7 34. Qd7
1-0

[Event "Bayerische EM (allgemein)"]
[Site "Bad Königshofen"]
[Date "2010.08.28"]
[Round "8.11"]
[White "Hofstetter, Hans-Joachim"]
[Black "Lipok, Christoph"]
[Result "1-0"]
[WhiteElo "2197"]
[BlackElo "2208"]
[PlyCount "41"]
[EventDate "2010.??.??"]
[WhiteTeam "SK 1933 Bad Neustadt"]
[BlackTeam "Spgem Kötz/Ichenhausen"]

1. e4 c6 2. Qf3 d5 3. Nc3 dxe4 4. Nxe4 Nf6 5. Nxf6+ exf6 6. Bc4 Be7 7. Ne2 O-O
8. d4 Nd7 9. O-O Nb6 10. Bb3 Re8 11. a4 a5 12. Nf4 Qxd4 13. Be3 Qd8 14. Qh5 Rf8
15. Rad1 Qc7 16. Rfe1 c5 17. c3 f5 18. g4 Bd6 19. gxf5 Bxf4 20. Bxf4 Qxf4 21.
Qxf7+ 1-0

[Event "Bayerische EM (allgemein)"]
[Site "Bad Königshofen"]
[Date "2010.08.28"]
[Round "8.12"]
[White "Rein, Iwan"]
[Black "Wilfert, André"]
[Result "1-0"]
[WhiteElo "2072"]
[BlackElo "2087"]
[PlyCount "89"]
[EventDate "2010.??.??"]
[WhiteTeam "TS Bayreuth"]
[BlackTeam "1.FC Marktleuthen"]

1. d4 f5 2. c4 g6 3. Nc3 Nf6 4. Nf3 Bg7 5. g3 d6 6. Bg2 O-O 7. O-O Qe8 8. Re1
Qf7 9. e4 fxe4 10. Nxe4 Nxe4 11. Rxe4 Bf5 12. Ng5 Qxc4 13. b3 Qc3 14. Bd2 Qd3
15. Bf1 Qxe4 16. Nxe4 Bxe4 17. Bc3 Nc6 18. Bg2 Bxg2 19. Kxg2 Rf5 20. Qd3 Raf8
21. f4 g5 22. fxg5 Rf2+ 23. Kg1 d5 24. Re1 R8f3 25. Qb5 Rf5 26. g4 Nxd4 27.
Bxd4 Bxd4 28. gxf5 Re2+ 29. Kh1 Rxe1+ 30. Kg2 c6 31. Qd3 c5 32. h4 Re4 33. Qb5
Kf8 34. Qxb7 Rxh4 35. Kg3 Re4 36. Qxd5 Re5 37. Qd7 a5 38. Kg4 Re4+ 39. Kh5 Bf2
40. Qd8+ Kg7 41. f6+ Kf7 42. Qd5+ Re6 43. Qf5 Bd4 44. Qxh7+ Kf8 45. Qh8+ 1-0

[Event "Bayerische EM (allgemein)"]
[Site "Bad Königshofen"]
[Date "2010.08.28"]
[Round "8.13"]
[White "Sternheimer, Erhard"]
[Black "Brychcy, Felix"]
[Result "1/2-1/2"]
[WhiteElo "2191"]
[BlackElo "2120"]
[PlyCount "58"]
[EventDate "2010.??.??"]
[WhiteTeam "SC Bad Königshofen 1957"]
[BlackTeam "MSA Zugzwang 82 e.V."]

1. e4 e5 2. Nf3 Nc6 3. d3 Nf6 4. Be2 d5 5. exd5 Nxd5 6. O-O Be7 7. Re1 O-O 8.
Bf1 f6 9. c3 Kh8 10. d4 Bg4 11. dxe5 fxe5 12. Be2 Bc5 13. h3 Bxf3 14. Bxf3 Qh4
15. Rf1 Rad8 16. Qe2 Nf4 17. Bxf4 Rxf4 18. Nd2 Rxd2 19. Qxd2 Rxf3 20. gxf3 Qg3+
21. Kh1 Qxh3+ 22. Kg1 Qg3+ 23. Kh1 Qxf3+ 24. Kh2 Qh5+ 25. Kg1 Qg4+ 26. Kh1 Qf3+
27. Kg1 Qg3+ 28. Kh1 Qh4+ 29. Kg2 Qg4+ 1/2-1/2

[Event "Bayerische EM (allgemein)"]
[Site "Bad Königshofen"]
[Date "2010.08.28"]
[Round "8.14"]
[White "Fischer, Gerd"]
[Black "Maurer, Heinrich"]
[Result "0-1"]
[WhiteElo "2091"]
[BlackElo "2189"]
[PlyCount "90"]
[EventDate "2010.??.??"]
[WhiteTeam "FC Gunzenhausen 1910 e.V"]
[BlackTeam "SK Kelheim 1920"]

1. e4 c5 2. Nc3 Nc6 3. g3 e6 4. Bg2 Nf6 5. f4 d6 6. d3 g6 7. Nf3 Bg7 8. O-O O-O
9. h3 Rb8 10. a4 a6 11. Be3 Qe7 12. Re1 b5 13. axb5 axb5 14. Bf2 b4 15. Nd5
exd5 16. exd5 Qc7 17. dxc6 Qxc6 18. Nd2 Qc7 19. Nc4 Be6 20. Ne3 Nd7 21. Qc1 Nb6
22. c3 bxc3 23. bxc3 d5 24. Ng4 Ra8 25. Rxa8 Rxa8 26. Ne5 Rc8 27. Qa3 Bf8 28.
Rb1 Ra8 29. Qb3 Rb8 30. Qc2 Bd6 31. Re1 Nd7 32. Qe2 Re8 33. d4 cxd4 34. Qa2 Nb6
35. Rb1 Ra8 36. Qb2 Rb8 37. Ra1 Nc8 38. Qa2 Rb3 39. Be1 Ba3 40. Qxa3 Rxa3 41.
Rxa3 Qb6 42. Ra8 Kg7 43. g4 Qb1 44. Kf1 Nd6 45. Ra7 Qc1 0-1

[Event "Bayerische EM (allgemein)"]
[Site "Bad Königshofen"]
[Date "2010.08.28"]
[Round "8.15"]
[White "Maugg, Ludwig"]
[Black "Jussupow, Nadia"]
[Result "1/2-1/2"]
[WhiteElo "2099"]
[BlackElo "2143"]
[PlyCount "63"]
[EventDate "2010.??.??"]
[WhiteTeam "SC Sonthofen"]
[BlackTeam "SK Krumbach"]

1. d4 Nf6 2. c4 e6 3. Nf3 d5 4. Nc3 Be7 5. Bf4 O-O 6. e3 Nbd7 7. c5 c6 8. Bd3
b6 9. b4 a5 10. a3 Ba6 11. O-O Qc8 12. h3 Qb7 13. Ne5 Bxd3 14. Qxd3 Ra7 15.
Rab1 axb4 16. axb4 Nxe5 17. Bxe5 Rfa8 18. Qc2 Ra3 19. Rb2 Qa6 20. b5 Qa5 21.
Nb1 Ra4 22. cxb6 Rc4 23. b7 Rxc2 24. bxa8=Q+ Qxa8 25. Rxc2 cxb5 26. Rfc1 Qa6
27. Rc8+ Bf8 28. Rd8 h6 29. Kh2 Qa2 30. Bd6 Nh7 31. Bxf8 Nxf8 32. Rcc8 1/2-1/2

[Event "Bayerische EM (allgemein)"]
[Site "Bad Königshofen"]
[Date "2010.08.28"]
[Round "8.16"]
[White "Kleibel, Uwe"]
[Black "Kretschel, Klaus"]
[Result "1/2-1/2"]
[WhiteElo "2001"]
[BlackElo "2133"]
[PlyCount "150"]
[EventDate "2010.??.??"]
[WhiteTeam "SC Ortenburg 1894 e.V."]
[BlackTeam "SC Unterpfaffenhofen"]

1. Nf3 Nf6 2. d4 d5 3. c4 c6 4. e3 g6 5. Nbd2 Bg7 6. Be2 O-O 7. b3 Nbd7 8. Bb2
a6 9. O-O b5 10. h3 Bb7 11. c5 a5 12. a3 Qc7 13. Qc2 Rfe8 14. Ne5 Nxe5 15. dxe5
Nd7 16. f4 Nf8 17. Nf3 Bc8 18. e4 dxe4 19. Qxe4 Be6 20. Qe3 f6 21. b4 a4 22.
Rad1 Bb3 23. Rd2 Rad8 24. Rxd8 Rxd8 25. exf6 exf6 26. Nd4 Bd5 27. f5 Qe5 28.
Qxe5 fxe5 29. f6 exd4 30. fxg7 Ne6 31. Bg4 Kxg7 32. Rd1 Bb3 33. Rd2 Kf6 34. Bf3
Bd5 35. Bxd4+ Nxd4 36. Rxd4 Ke5 37. Rd2 g5 38. Kf2 Rf8 39. Ke3 Bxf3 40. gxf3
Rf6 41. Rd7 h6 42. Rd8 Re6 43. Rd7 Rg6 44. Re7+ Kf5 45. Kd4 Rf6 46. Rd7 Ke6 47.
Rd6+ Kf5 48. Rxf6+ Kxf6 49. Ke4 h5 50. f4 g4 51. hxg4 hxg4 52. f5 g3 53. Kf3
Kxf5 54. Kxg3 Ke5 55. Kg4 Kd4 56. Kf5 Kc4 57. Ke6 Kb3 58. Kd6 Kxa3 59. Kxc6
Kxb4 60. Kb6 a3 61. c6 a2 62. c7 a1=Q 63. c8=Q Qd4+ 64. Kb7 Ka4 65. Qc2+ Kb4
66. Qb1+ Kc5 67. Qc2+ Qc4 68. Qf2+ Kb4 69. Qb2+ Ka4 70. Qa1+ Kb3 71. Qb1+ Ka3
72. Qa1+ Kb4 73. Qb2+ Ka5 74. Qa3+ Qa4 75. Qc3+ Qb4 1/2-1/2

[Event "Bayerische EM (allgemein)"]
[Site "Bad Königshofen"]
[Date "2010.08.28"]
[Round "8.17"]
[White "Heiduczek, Josef"]
[Black "Weigert, Wilhelm"]
[Result "1-0"]
[WhiteElo "2234"]
[BlackElo "2024"]
[PlyCount "63"]
[EventDate "2010.??.??"]
[WhiteTeam "SC Rottal"]
[BlackTeam "SK Kelheim 1920"]

1. e4 d6 2. d4 Nf6 3. Nc3 g6 4. f4 Bg7 5. Nf3 c5 6. Bb5+ Bd7 7. Bxd7+ Qxd7 8.
dxc5 dxc5 9. Be3 b6 10. Qe2 Qb7 11. O-O-O O-O 12. e5 Ng4 13. Bd2 Nc6 14. h3 Nh6
15. g4 Rac8 16. Qf2 Rfd8 17. Be3 Nb4 18. f5 Nd5 19. Nxd5 Rxd5 20. f6 exf6 21.
exf6 Bf8 22. c4 Rdd8 23. Nd2 Re8 24. Rhe1 Kh8 25. Qh4 Ng8 26. Qf2 b5 27. g5
bxc4 28. Nxc4 Qa6 29. b3 Re4 30. Qc2 Rh4 31. Ne5 c4 32. Nxf7# 1-0

[Event "Bayerische EM (allgemein)"]
[Site "Bad Königshofen"]
[Date "2010.08.29"]
[Round "9.1"]
[White "Zill, Christoph"]
[Black "Golda, Harald"]
[Result "1/2-1/2"]
[WhiteElo "2252"]
[BlackElo "2315"]
[PlyCount "65"]
[EventDate "2010.??.??"]
[WhiteTeam "SK Freising"]
[BlackTeam "Schachklub Schweinfurt 2000 e.V."]

1. e4 c5 2. Nf3 d6 3. d4 cxd4 4. Nxd4 Nf6 5. Nc3 Nc6 6. Bg5 e6 7. Qd2 Be7 8. f3
Nxd4 9. Qxd4 O-O 10. O-O-O a6 11. Kb1 Nxe4 12. Nxe4 Bxg5 13. Nxg5 Qxg5 14. Qxd6
e5 15. h4 Qg3 16. h5 Bf5 17. Qd2 h6 18. Bc4 Rac8 19. Bb3 Rc7 20. Ka1 Rd7 21.
Qe2 Rfd8 22. Rxd7 Rxd7 23. a3 Qf4 24. Rd1 Rxd1+ 25. Qxd1 Qd4 26. Qe2 Bd7 27. c3
Qg1+ 28. Ka2 Bf5 29. Bc2 Be6+ 30. Bb3 Qb6 31. Bxe6 Qxe6+ 32. Ka1 f5 33. Kb1
1/2-1/2

[Event "Bayerische EM (allgemein)"]
[Site "Bad Königshofen"]
[Date "2010.08.29"]
[Round "9.2"]
[White "Nuber, Korbinian"]
[Black "Hirn, Oskar"]
[Result "0-1"]
[WhiteElo "2211"]
[BlackElo "2246"]
[PlyCount "56"]
[EventDate "2010.??.??"]
[WhiteTeam "SC Dillingen"]
[BlackTeam "SC Noris-Tarrasch Nürnberg 1873"]

1. e4 c5 2. Nc3 Nc6 3. Bb5 g6 4. Bxc6 bxc6 5. d3 Bg7 6. Be3 Rb8 7. Qc1 Qb6 8.
Nge2 Qxb2 9. Qxb2 Rxb2 10. Kd2 d6 11. d4 cxd4 12. Nxd4 Rb4 13. Nde2 Nf6 14. f3
c5 15. Rab1 Ba6 16. e5 Nd7 17. Rxb4 cxb4 18. Nd5 Bxe2 19. Kxe2 Nxe5 20. Nxb4 a5
21. Nd3 Kd7 22. Rb1 Rc8 23. Ne1 Rc4 24. Rb7+ Ke6 25. Bg5 Nc6 26. Kd1 h6 27. Bc1
Nb4 28. Ra7 Nxa2 0-1

[Event "Bayerische EM (allgemein)"]
[Site "Bad Königshofen"]
[Date "2010.08.29"]
[Round "9.3"]
[White "Reich, Thomas"]
[Black "Lederle, Vitus"]
[Result "0-1"]
[WhiteElo "2350"]
[BlackElo "2191"]
[PlyCount "81"]
[EventDate "2010.??.??"]
[WhiteTeam "FC Bayern München e.V."]
[BlackTeam "SC Dillingen"]

1. d4 Nf6 2. Bf4 g6 3. e3 Bg7 4. Nf3 d6 5. Be2 O-O 6. O-O Nbd7 7. h3 Qe8 8. c4
e5 9. Bh2 b6 10. Nc3 a6 11. Rc1 Bb7 12. b4 Qe7 13. Re1 Rfd8 14. Qb3 Rab8 15. a3
Re8 16. Qb1 Nh5 17. Nd5 Qd8 18. dxe5 Nxe5 19. Nxe5 Bxe5 20. Bxh5 gxh5 21. Bxe5
Rxe5 22. f4 Re6 23. Qf5 c6 24. Nc3 Qe7 25. e4 Re8 26. Qxh5 d5 27. e5 f6 28.
cxd5 cxd5 29. Rcd1 Kh8 30. Rd4 Qc7 31. Qf3 fxe5 32. fxe5 Qg7 33. Qf5 Rg6 34.
Qf2 Rf8 35. Qd2 Re8 36. Nxd5 Rxe5 37. Rxe5 Qxe5 38. Nf4 Rg8 39. Kh2 Rxg2+ 40.
Qxg2 Bxg2 41. Rd8+ 0-1

[Event "Bayerische EM (allgemein)"]
[Site "Bad Königshofen"]
[Date "2010.08.29"]
[Round "9.4"]
[White "Jussupow, Ekaterina"]
[Black "Schindler, Viktor"]
[Result "1-0"]
[WhiteElo "2174"]
[BlackElo "2139"]
[PlyCount "73"]
[EventDate "2010.??.??"]
[WhiteTeam "SK Krumbach"]
[BlackTeam "PTSV SK Hof 1892"]

1. e4 c5 2. Nf3 e6 3. d4 cxd4 4. Nxd4 Nc6 5. Nc3 Qc7 6. Nb3 a6 7. Bd3 b5 8. O-O
Nf6 9. Be3 Ne5 10. f4 Nc4 11. Bd4 Bb7 12. Qe2 Be7 13. Rae1 d6 14. e5 Nd7 15. a4
bxa4 16. Nxa4 d5 17. f5 O-O-O 18. fxe6 fxe6 19. Rf7 Bf8 20. Bxc4 dxc4 21. Nb6+
Nxb6 22. Rxc7+ Kxc7 23. Qf2 Na4 24. Nc5 Nxc5 25. Bxc5 Rd2 26. Bb6+ Kc6 27. Qxd2
Kxb6 28. Qd8+ Ka7 29. Kh1 g6 30. Rf1 Bg7 31. Qd4+ Ka8 32. Rf7 Bh6 33. h4 Rb8
34. Qd7 Be3 35. Qxe6 Rd8 36. Qe7 Rb8 37. Rf8 1-0

[Event "Bayerische EM (allgemein)"]
[Site "Bad Königshofen"]
[Date "2010.08.29"]
[Round "9.5"]
[White "Schmid, Roland"]
[Black "Lentrodt, Thomas"]
[Result "0-1"]
[WhiteElo "2140"]
[BlackElo "2340"]
[PlyCount "76"]
[EventDate "2010.??.??"]
[WhiteTeam "TSV Wacker Neutraubling"]
[BlackTeam "FC Bayern München e.V."]

1. d4 Nf6 2. Nf3 e6 3. c4 d5 4. Nc3 c6 5. Bg5 Nbd7 6. e3 Qa5 7. Nd2 dxc4 8.
Bxf6 Nxf6 9. Nxc4 Qc7 10. Rc1 Bd6 11. f4 a6 12. Bd3 Bb4 13. O-O Bxc3 14. bxc3
b5 15. Ne5 c5 16. Qf3 Bb7 17. Qg3 g6 18. Qg5 Qe7 19. a4 c4 20. Be2 Ne4 21.
Qxe7+ Kxe7 22. Bf3 Rhb8 23. a5 f6 24. Bxe4 Bxe4 25. Ng4 b4 26. Nf2 f5 27. Nxe4
fxe4 28. cxb4 Rxb4 29. g4 Rc8 30. Rc3 Rb3 31. Rfc1 Rxc3 32. Rxc3 Kd6 33. Kf2
Kd5 34. h4 Rb8 35. Rc2 Rb3 36. Ke2 c3 37. Kd1 Kc4 38. Kc1 Ra3 0-1

[Event "Bayerische EM (allgemein)"]
[Site "Bad Königshofen"]
[Date "2010.08.29"]
[Round "9.6"]
[White "Schatz, Christian"]
[Black "Safyanowsky, Mark"]
[Result "1/2-1/2"]
[WhiteElo "2189"]
[BlackElo "2299"]
[PlyCount "21"]
[EventDate "2010.??.??"]
[WhiteTeam "Schachzentrum Fürth 2002"]
[BlackTeam "SC Dillingen"]

1. e4 e6 2. d4 d5 3. Nd2 c5 4. Ngf3 Nc6 5. exd5 exd5 6. Bb5 Bd6 7. O-O Nge7 8.
dxc5 Bxc5 9. Nb3 Bd6 10. Re1 O-O 11. Bg5 1/2-1/2

[Event "Bayerische EM (allgemein)"]
[Site "Bad Königshofen"]
[Date "2010.08.29"]
[Round "9.7"]
[White "Liepold, Stefan"]
[Black "Kunz, Konstantin"]
[Result "1-0"]
[WhiteElo "2235"]
[BlackElo "2273"]
[PlyCount "101"]
[EventDate "2010.??.??"]
[WhiteTeam "SC Erlangen 48/88"]
[BlackTeam "SC Kitzingen von 1905"]

1. e4 c5 2. Nf3 e6 3. d4 cxd4 4. Nxd4 a6 5. Bd3 Nc6 6. Nxc6 dxc6 7. Nd2 b5 8.
a4 Bb7 9. O-O e5 10. Nf3 Qc7 11. Bd2 Nf6 12. Qe2 Bd6 13. Nh4 g6 14. Nf3 h6 15.
h3 Kf8 16. Qe3 Nh5 17. c4 bxc4 18. Bxc4 c5 19. Bc3 g5 20. Rfd1 f6 21. Qd2 Ke7
22. Ba5 Qb8 23. Ra3 Ng7 24. Rb3 Ne8 25. Rb6 Qc7 26. Qe1 Qc8 27. b4 Bc7 28. Be6
Qxe6 29. Rxe6+ Kxe6 30. Qe3 Bxa5 31. bxa5 Nd6 32. Qb3+ c4 33. Rxd6+ Kxd6 34.
Qxb7 Rhc8 35. Ne1 Rab8 36. Qd5+ Ke7 37. Nc2 Rb1+ 38. Kh2 c3 39. Ne3 Rc7 40.
Nf5+ Ke8 41. Qe6+ Kd8 42. Qxf6+ Kc8 43. Qxa6+ Kb8 44. Ne3 h5 45. Qd3 Rb2 46.
Nc2 h4 47. Qd8+ Rc8 48. Qd6+ Rc7 49. a6 Kc8 50. Qxe5 Rxc2 51. Qe8# 1-0

[Event "Bayerische EM (allgemein)"]
[Site "Bad Königshofen"]
[Date "2010.08.29"]
[Round "9.9"]
[White "Jussupow, Alexander"]
[Black "Heimrath, Reiner"]
[Result "1-0"]
[WhiteElo "2112"]
[BlackElo "2231"]
[PlyCount "51"]
[EventDate "2010.??.??"]
[WhiteTeam "SK Krumbach"]
[BlackTeam "SC Noris-Tarrasch Nürnberg 1873"]

1. d4 Nf6 2. Bg5 c5 3. Nc3 cxd4 4. Qxd4 Nc6 5. Qh4 Qa5 6. O-O-O b5 7. Kb1 b4 8.
Bxf6 gxf6 9. Nd5 Ba6 10. Nf3 Bg7 11. e4 Bxf1 12. Rhxf1 d6 13. Nd4 Nxd4 14. Rxd4
Qd8 15. Rxb4 e6 16. Nf4 Qa5 17. c3 h5 18. Rd1 Qc5 19. Qg3 Qg5 20. Rb7 Bf8 21.
Qd3 Qc5 22. Qa6 Rc8 23. Rxa7 Rb8 24. Rd4 Bh6 25. Rc4 Qxf2 26. Rc8+ 1-0

[Event "Bayerische EM (allgemein)"]
[Site "Bad Königshofen"]
[Date "2010.08.29"]
[Round "9.10"]
[White "Höfelsauer, Thomas"]
[Black "Rein, Iwan"]
[Result "1/2-1/2"]
[WhiteElo "2186"]
[BlackElo "2072"]
[PlyCount "54"]
[EventDate "2010.??.??"]
[WhiteTeam "Schachklub München Südost e.V."]
[BlackTeam "TS Bayreuth"]

1. e4 e6 2. d4 d5 3. exd5 exd5 4. Nf3 Nc6 5. Bd3 Nf6 6. O-O Be7 7. h3 O-O 8. c3
h6 9. Re1 Bd6 10. Ne5 Nd7 11. Nxc6 bxc6 12. Nd2 c5 13. Nf3 Qf6 14. Be3 c6 15.
Qd2 a5 16. Rad1 c4 17. Bb1 Re8 18. Re2 Nf8 19. Ne5 Bxe5 20. dxe5 Qxe5 21. Rde1
Qh5 22. Bf4 Rxe2 23. Rxe2 Be6 24. Re5 Qh4 25. Bg3 Qf6 26. Qe2 Ng6 27. Re3 Re8
1/2-1/2

[Event "Bayerische EM (allgemein)"]
[Site "Bad Königshofen"]
[Date "2010.08.29"]
[Round "9.11"]
[White "Lipok, Christoph"]
[Black "Shashkin, Igor"]
[Result "1-0"]
[WhiteElo "2208"]
[BlackElo "2086"]
[PlyCount "69"]
[EventDate "2010.??.??"]
[WhiteTeam "Spgem Kötz/Ichenhausen"]
[BlackTeam "PTSV SK Hof 1892"]

1. d4 Nf6 2. c4 g6 3. Nc3 Bg7 4. e4 d6 5. Be2 O-O 6. Nf3 e5 7. O-O Nc6 8. d5
Ne7 9. Ne1 Ne8 10. Be3 f5 11. f3 f4 12. Bf2 g5 13. c5 h5 14. cxd6 cxd6 15. a4
Nf6 16. a5 g4 17. Nb5 g3 18. Bxa7 gxh2+ 19. Kh1 Rxa7 20. Nxa7 h4 21. Nxc8 Qxc8
22. Rf2 Nh5 23. Bf1 Qe8 24. Qa4 Qd8 25. Nd3 Kh7 26. Rc2 Ng8 27. Nf2 Rf6 28.
Kxh2 Rg6 29. Nh3 Rg3 30. Bb5 Nhf6 31. Qc4 Nh6 32. Qc8 Nfg4+ 33. fxg4 Nxg4+ 34.
Kg1 Qe7 35. Qf5+ 1-0

[Event "Bayerische EM (allgemein)"]
[Site "Bad Königshofen"]
[Date "2010.08.29"]
[Round "9.12"]
[White "Miskevicer, Boris"]
[Black "Wilfert, André"]
[Result "1-0"]
[WhiteElo "2216"]
[BlackElo "2087"]
[PlyCount "75"]
[EventDate "2010.??.??"]
[WhiteTeam "SG Schwabing München Nord e.V."]
[BlackTeam "1.FC Marktleuthen"]

1. d4 f5 2. e4 fxe4 3. Nc3 Nf6 4. f3 d6 5. fxe4 e6 6. Nf3 Be7 7. Bc4 O-O 8. O-O
d5 9. Bd3 Nc6 10. e5 Ne8 11. Be3 g6 12. Qd2 Ng7 13. g4 Nb4 14. Be2 a5 15. a3
Na6 16. Nd1 c5 17. c3 c4 18. Nf2 b5 19. g5 Nf5 20. Ng4 Kg7 21. Nf6 Rh8 22. h4
Nxe3 23. Qxe3 h6 24. Rf2 h5 25. Raf1 Bd7 26. Ne1 Be8 27. Ng2 Nc7 28. Bd1 b4 29.
Qc1 bxa3 30. bxa3 Rb8 31. Bc2 Nb5 32. Nf4 Rb6 33. Nxe8+ Qxe8 34. Bxg6 Bxa3 35.
Qc2 Qe7 36. Nxh5+ Kg8 37. Bf7+ Kf8 38. Qg6 1-0

[Event "Bayerische EM (allgemein)"]
[Site "Bad Königshofen"]
[Date "2010.08.29"]
[Round "9.13"]
[White "Maurer, Heinrich"]
[Black "Kleibel, Uwe"]
[Result "0-1"]
[WhiteElo "2189"]
[BlackElo "2001"]
[PlyCount "106"]
[EventDate "2010.??.??"]
[WhiteTeam "SK Kelheim 1920"]
[BlackTeam "SC Ortenburg 1894 e.V."]

1. e4 c6 2. d4 d5 3. Nc3 dxe4 4. Nxe4 Bf5 5. Ng3 Bg6 6. h4 h6 7. Nf3 Nd7 8. h5
Bh7 9. Bd3 Bxd3 10. Qxd3 e6 11. Bd2 Ngf6 12. O-O-O Be7 13. Qe2 O-O 14. Rhe1 c5
15. c4 cxd4 16. Nxd4 Qb6 17. Be3 Qa6 18. Kb1 Rac8 19. Rc1 Bb4 20. Red1 Nb6 21.
b3 Rfd8 22. Qf3 Nfd7 23. Ne4 Ba3 24. Qg3 Bxc1 25. Rxc1 Kf8 26. Nd6 Rc5 27. Nxf7
Kxf7 28. Qg6+ Ke7 29. Qxe6+ Kf8 30. Qd6+ Kg8 31. Qe7 Rf8 32. Ne6 Rf7 33. Qe8+
Nf8 34. Nxf8 Rc8 35. Qe6 Rcxf8 36. Bc5 Nd7 37. Qxa6 bxa6 38. Bxf8 Kxf8 39. Rd1
Ke8 40. f3 Nf6 41. g4 Nd7 42. Re1+ Re7 43. Rxe7+ Kxe7 44. Kc2 Ne5 45. Kd2 Nxf3+
46. Ke3 Ne5 47. Kf4 Ke6 48. g5 a5 49. gxh6 gxh6 50. Ke4 Ng4 51. Kd4 Kd6 52. a3
Nf6 53. b4 a6 0-1

[Event "Bayerische EM (allgemein)"]
[Site "Bad Königshofen"]
[Date "2010.08.29"]
[Round "9.14"]
[White "Brychcy, Felix"]
[Black "Heiduczek, Josef"]
[Result "1-0"]
[WhiteElo "2120"]
[BlackElo "2234"]
[PlyCount "73"]
[EventDate "2010.??.??"]
[WhiteTeam "MSA Zugzwang 82 e.V."]
[BlackTeam "SC Rottal"]

1. d4 f5 2. Nf3 Nf6 3. g3 g6 4. Bg2 Bg7 5. O-O O-O 6. c4 d6 7. Nc3 Nc6 8. d5
Ne5 9. Nxe5 dxe5 10. e4 f4 11. f3 e6 12. g4 exd5 13. cxd5 Rf7 14. Bd2 c6 15.
dxc6 bxc6 16. Be1 Qb6+ 17. Rf2 Be6 18. Na4 Qb5 19. Bf1 Bc4 20. Bxc4 Qxc4 21. b3
Qe6 22. Rd2 Bf8 23. Bf2 Nd7 24. Rc1 h5 25. h3 hxg4 26. hxg4 Rh7 27. Qe2 Bb4 28.
Rdc2 Ba3 29. Rd1 Kg7 30. Qc4 Qe7 31. Qxc6 Rah8 32. Kf1 Rh1+ 33. Bg1 Qh4 34.
Rxd7+ Kh6 35. Rg2 Qh3 36. Qc3 Rc8 37. g5+ 1-0